Hồi ký song đôi. t.II, Những năm đi học, làm thơ, hoạt động cách mạng /
Guardado en:
| Autor principal: | |
|---|---|
| Formato: | Sách giấy |
| Lenguaje: | Vietnamese |
| Publicado: |
H. :
Hội Nhà văn,
2003
|
| Materias: | |
| Etiquetas: |
Agregar Etiqueta
Sin Etiquetas, Sea el primero en etiquetar este registro!
|
| Thư viện lưu trữ: | Thư viện Trường Đại học Đà Lạt |
|---|
| LEADER | 00780nam a2200313 4500 | ||
|---|---|---|---|
| 001 | DLU040030498 | ||
| 005 | ##20041230 | ||
| 040 | # | # | |a DLU |b vie |
| 041 | # | # | |a vie |
| 044 | # | # | |a vn |
| 082 | # | # | |a 895.922 803 |b HU-C |
| 100 | # | # | |a Huy Cận, |d 1919- |
| 245 | # | # | |a Hồi ký song đôi. |n t.II, |p Những năm đi học, làm thơ, hoạt động cách mạng / |c Huy Cận |
| 260 | # | # | |a H. : |b Hội Nhà văn, |c 2003 |
| 300 | # | # | |a 364 tr. ; |c 19 cm |
| 600 | # | # | |a Huy Cận |
| 600 | # | # | |a Xuân Diệu |
| 720 | # | # | |a Cù Huy Cận, |d 1919- |
| 923 | # | # | |a 38/2004 |
| 990 | # | # | |a t.II |
| 992 | # | # | |a 47.000 |
| 994 | # | # | |a DLU |
| 900 | # | # | |a True |
| 911 | # | # | |a Đào Thị Thu Huyền |
| 925 | # | # | |a G |
| 926 | # | # | |a A |
| 927 | # | # | |a SH |
| 980 | # | # | |a Thư viện Trường Đại học Đà Lạt |